Europäische Nicht-EU-Staaten - Statistiken

Allgemein
  • Dieses Quiz wurde 66 mal gespielt
  • Das Durchschnittsergebnis liegt bei 19 aus 22
Antwortstatistiken
Hinweis Staat % Korrekt
Norwegen
95%
Beitrittskandidat, geografisch nur teilweise in Europa Türkei
95%
Russland
94%
Schweiz
94%
Beitrittskandidat Ukraine
94%
Andorra
92%
Belarus
91%
Liechtenstein
91%
Beitrittskandidat Montenegro
91%
Beitrittskandidat Nordmazedonien
91%
San Marino
91%
Beitrittskandidat Albanien
89%
Potenzieller Beitrittskandidat Kosovo
89%
Beitrittskandidat Serbien
88%
Vatikanstadt
88%
Vereinigtes Königreich
88%
Beitrittskandidat Bosnien und Herzegowina
86%
Monaco
86%
Island
80%
Beitrittskandidat Moldau
72%
Beitrittskandidat, geografisch nur teilweise in Europa Georgien
69%
Geografisch nur teilweise in Europa Kasachstan
53%
Keine übereinstimmenden Quizze gefunden
Verteilung der Resultate
Anzahl Personen mit jedem Resultat
Perzentil nach korrekt beantworteten Fragen
Ihre Resultats-Entwicklung
Sie haben dieses Quiz noch nicht gespielt